Normal view
MARC view
Entry Personal Name
001 - CONTROL NUMBER
- control field: 68277
003 - CONTROL NUMBER IDENTIFIER
- control field: dpl
005 - DATE AND TIME OF LATEST TRANSACTION
- control field: 20240709113229.0
008 - FIXED-LENGTH DATA ELEMENTS
- fixed length control field: 240709|| aca||aabn | a|a d
040 ## - CATALOGING SOURCE
- Original cataloging agency: dpl
- Transcribing agency: dpl
100 ## - HEADING--PERSONAL NAME
- Personal name: by Sharma, Arun
670 ## - SOURCE DATA FOUND
- Source citation: Work cat.: (dpl)204041: by Sharma, Arun, Verbal Ability & Reading Comprehension For CAT:, 2024
